00465cam3a220015700 4500001001200000003000500012005001700017008004100034035001900075035002200094040000900116100003700125245010600162260003300268004000600301tmp15975791UPRA20190830110308.0951116s1974 fr fre u a(Sirsi) r26090 a(UPRA)tmp15975791 cUPRA0 cde Troyes, d8.1..11.106A73839.110aErec et Enide /croman traduit de l'ancien francais d'apres l'edition de Mario Roques par Rene Louis. aParis :bH. Champion,c1974.26090